Testi e percorsi di diritto romano e tradizione romanistica.
保存先:
| 第一著者: | |
|---|---|
| フォーマット: | 図書 |
| 言語: | イタリア語 |
| 出版事項: |
Torino, Italia:
G. Giappichelli,
2010.
|
| 主題: | |
| タグ: |
タグ追加
タグなし, このレコードへの初めてのタグを付けませんか!
|
MARC
| LEADER | 00000cam a2200000 a 4500 | ||
|---|---|---|---|
| 001 | UCF3060 | ||
| 003 | CL-VaPUC | ||
| 005 | 20220822114404.0 | ||
| 008 | 120927e20100000IT |||||||||||||||||ita|d | ||
| 999 | |c 349581 |d 349579 | ||
| 020 | |a 978-88-348-1434-5 | ||
| 040 | |c Pontificia Universidad Católica de Valparaíso | ||
| 082 | 0 | 4 | |a 340.54 LAM 2010 |2 21 |
| 100 | |a Lambertini, Renzo |e autor |9 564969 | ||
| 245 | 1 | 0 | |a Testi e percorsi di diritto romano e tradizione romanistica. |
| 260 | |a Torino, Italia: |b G. Giappichelli, |c 2010. | ||
| 300 | |a XVI, 245 páginas. | ||
| 500 | |a c.2 Donación Familia Prof. Alejandro Guzmán Brito. | ||
| 583 | |a last modification |c 20120927 15:26:00 |k Rodrigo Vera | ||
| 650 | 0 | |a Derecho romano |9 255930 | |
| 650 | 0 | |a Historia del derecho |9 255109 | |
| 650 | 0 | |a Derecho de propiedad |9 256450 | |
| 942 | |c BK |2 ddc |n 0 | ||
| 945 | |d 20120927 00:00:00 |a cmena | ||
| 952 | |0 0 |1 0 |4 0 |6 340_540000000000000_LAM_2010 |7 0 |8 DER_HIS |9 452245 |a BIBDER |b BIBDER |d 2019-11-22 |i 4905636 |o 340.54 LAM 2010 |p 4905636 |r 2023-01-25 |w 2019-11-22 |x Ubicación 4to Piso |y BK |z Estos recursos deben solicitarse con anticipación |k DER | ||
| 952 | |0 0 |1 0 |2 ddc |4 0 |6 340_540000000000000_LAM_2010 |7 1 |8 C_AGB |9 580831 |a BIBDER |b BIBDER |d 2022-01-25 |e Donación |i 5641748 |o 340.54 LAM 2010 |p 5641748 |r 2023-01-25 |t 2 |w 2022-01-25 |y BK_US |k AGB | ||